| 000 | 00661nam a22002177a 4500 | ||
|---|---|---|---|
| 003 | BUBTL | ||
| 008 | 180912b xxu||||| |||| 00| 0 eng d | ||
| 020 | _a9789332584921 | ||
| 082 | _a368/ R2791p/ 2017 | ||
| 100 |
_92017 _aRejda, George E. |
||
| 245 |
_aPrinciples of Risk Management and Insurance / _cGeorge E. Rejda, Michael McNamara |
||
| 250 | _a13th | ||
| 260 |
_aIndia _bPearson _cc2017 |
||
| 300 |
_a720p . : _bill, Chart ; 26cm . |
||
| 500 | _aIncludes Glossary and Index . | ||
| 650 | 0 |
_918 _aFinance |
|
| 700 |
_92018 _aGeorge E. Rejda, Michael McNamara |
||
| 856 |
_k0 _l0 _yDownload |
||
| 942 |
_2ddc _cBK |
||
| 999 |
_c5795 _d5795 |
||